000 00345nam a2200121Ia 4500
008 180219s9999 xx 000 0 und d
020 _a9780721603520
100 _aSilvestri, Linda Anne
245 _aQ & A review for the NCLEX-RN examination /
250 _a3rd ed
260 _aQuezon City :
_bC & E publishing
_c2006
300 _avi, 942 pages
999 _c355997
_d355997